| 000 | 00616nam a2200193 a 4500 | ||
|---|---|---|---|
| 003 | PILC | ||
| 005 | 20160224145353.0 | ||
| 008 | 080110s19uu xx 00 eng d | ||
| 020 | _a9781845410285 | ||
| 050 |
_aG 155.A1 _b.T5898283 2006 |
||
| 245 |
_aThe tourism area life cycle, vol. 2 : _bconceptual and theoretical issues / _cedited by Richard W. Butler. |
||
| 260 |
_aClevedon : _bChannel View Publications, _c2006. |
||
| 300 |
_a327 pages ; _c23 cm. |
||
| 440 | _aAspects of Toursim 29. | ||
| 650 |
_aTourism _xEconomic aspects. |
||
| 650 | _aEconomic development. | ||
| 942 |
_cBK _2lcc _kFOR |
||
| 999 |
_c22768 _d22768 |
||